000
00305nam a2200121Ia 4500
008
231129s1984||||xx |||||||||||||| ||spa||
082
_a
ER- 527
100
_a
Alzate Fernández Guillermo
245
0
_a
Desmembración de la mariposa verde
260
_c
1984
264
_a
[sin editorial]
942
_2
ddc
_c
BKS
999
_c
9115
_d
9115